| 000 | 00386nam a2200157Ia 4500 | ||
|---|---|---|---|
| 003 | Ost | ||
| 005 | 20260225132542.0 | ||
| 008 | 260225s9999||||xx |||||||||||||| ||und|| | ||
| 040 | _cfsic | ||
| 041 | _afre | ||
| 082 | _a923.2 | ||
| 100 |
_amico-cusic _eAuteur |
||
| 245 | 0 | _aLa liberté, l'independance et l'integrité des pays non-alignes / | |
| 245 | 0 | _cmico-cusic | |
| 942 | _cكتاب | ||
| 999 |
_c33555 _d33555 |
||